000 01095pam a2200301 a 4500
001 4833360
003 NUST - PNEC
005 20170116180854.0
008 900727s1990 nyua b 001 0 eng
010 _a 90011212
020 _a0844816671
040 _aDLC
_cDLC
_dDLC
050 0 0 _aQC318.I7
_bN66 1990
082 0 0 _a536.7 SIE
100 _95884
_aSieniutyez, Stainslaw
245 0 0 _aNonequilibrium theory and extremum principles : Advances in thermodynamics vol.3
_cedited by Stanislaw Sieniutycz and Peter Salamon.
260 _aNew York :
_bTaylor & Francis,
_c1990.
300 _aix, 547 p. :
_bill. ;
_c26 cm.
440 0 _aAdvances in thermodynamics ;
_vv. 3
504 _aIncludes bibliographical references and index.
650 0 _aNonequilibrium thermodynamics.
_xME
700 1 _aSieniutycz, Stanislaw.
700 1 _aSalamon, Peter,
_d1950-
856 4 2 _3Publisher description
_uhttp://www.loc.gov/catdir/enhancements/fy0916/90011212-d.html
906 _a7
_bcbc
_corignew
_d1
_eocip
_f19
_gy-gencatlg
942 _2ddc
_cBK
999 _c64735
_d64735